| 000 | 00492nam a2200193 i 4500 | ||
|---|---|---|---|
| 001 | bg | ||
| 245 | 0 |
_aFiziceskaja elektronika / _cRed. koll. A. I. Andrievskij [i in.]. |
|
| 250 | _aVyp. 8. | ||
| 260 |
_aL'vov : _b"Visca Skola", _c1974. |
||
| 300 |
_as. 141 : _brys. |
||
| 500 | _a[Alf. ros.]. | ||
| 504 | _a[Zawiera bibliogr.]. | ||
| 700 | 1 |
_aANDRIEVSKIJ, A. N. _eRed. |
|
| 040 | _cBPK | ||
| 041 | _apol | ||
| 080 | _a537 | ||
| 942 | _cKS | ||
| 008 | s pl f |000 0 pol | ||
| 999 |
_c27208 _d27208 |
||